Middle East Geography Quiz Stats

Quiz not verified by Sporcle

Challenge
Share
Tweet
Embed
Score 0/17 Timer 02:00
0 Plays Today
Countries Capital % Correct
EgyptCairo
92.9%
IsraelJerusalem
90.4%
IraqBaghdad
89.6%
IranTehran
86.6%
KuwaitKuwait City
80.6%
SyriaDamascus
76%
TurkeyAnkara
75.9%
LebanonBeirut
75.4%
JordanAmman
74.9%
Countries Capital % Correct
United Arab EmiratesAbu Dhabi
71.8%
Saudi ArabiaRiyadh
65.9%
QatarDoha
65.5%
OmanMuscat
62.8%
BahrainManama
60.1%
YemenSana'a
57.6%
CyprusNicosia
56.8%
Palestinian AuthorityRamallah
29.7%

You're not logged in!

Compare scores with friends on all Sporcle quizzes.
Join for Free
OR
Log In

You Might Also Like...

Show Comments

Extras

Top Quizzes Today


Score Distribution

Your Account Isn't Verified!

In order to create a playlist on Sporcle, you need to verify the email address you used during registration. Go to your Sporcle Settings to finish the process.

Report this User

Report this user for behavior that violates our Community Guidelines.

Details: